Proceedings of the Rubber Research Institute of Malaysia, Planters conference, Kuala Lumpur, 1981 (Record no. 36729)

MARC details
000 -LEADER
fixed length control field 00582nam a2200205Ia 4500
082 ## - DEWEY DECIMAL CLASSIFICATION NUMBER
Classification number NR:063RG`1981'
Item number RRM
245 #0 - TITLE STATEMENT
Title Proceedings of the Rubber Research Institute of Malaysia, Planters conference, Kuala Lumpur, 1981
260 ## - PUBLICATION, DISTRIBUTION, ETC. (IMPRINT)
Place of publication Kuala Lumpur
Name of publisher RRIM
Year of publication 1981
650 ## - SUBJECT ADDED ENTRY--TOPICAL TERM
Topical Term Budding
650 ## - SUBJECT ADDED ENTRY--TOPICAL TERM
Topical Term Leaf analysis
650 ## - SUBJECT ADDED ENTRY--TOPICAL TERM
Topical Term Micro tapping
650 ## - SUBJECT ADDED ENTRY--TOPICAL TERM
Topical Term Planting technique
650 ## - SUBJECT ADDED ENTRY--TOPICAL TERM
Topical Term Rubber Smallholding
650 ## - SUBJECT ADDED ENTRY--TOPICAL TERM
Topical Term Skim rubber
650 ## - SUBJECT ADDED ENTRY--TOPICAL TERM
Topical Term Tapping
650 ## - SUBJECT ADDED ENTRY--TOPICAL TERM
Topical Term Triclopyr
650 ## - SUBJECT ADDED ENTRY--TOPICAL TERM
Topical Term Upward tapping
942 ## - ADDED ENTRY ELEMENTS (KOHA)
Koha item type Books
Holdings
Withdrawn status Lost status Damaged status Not for loan Home library Current library Date acquired Cost, normal purchase price Full call number Accession Number Koha item type
        RRII Library RRII Library 16/12/2021 25.00 NR:063RG`1981' RRM 17130 Books